[Event "Budapest FS12 Nadassy"]
[Site "Budapest"]
[Date "2022.12.10"]
[Round "7"]
[White "Farago, Sandor"]
[Black "Zoltan, Andras"]
[Result "1-0"]
[WhiteElo "2103"]
[BlackElo "1767"]
[PlyCount "97"]
[EventDate "2022.12.03"]
[EventType "schev"]
[EventRounds "9"]
[EventCountry "HUN"]
[SourceTitle "EXT 2024"]
[Source "ChessBase"]
[SourceDate "2023.10.10"]
[SourceVersion "1"]
[SourceVersionDate "2023.10.10"]
[SourceQuality "1"]
[WhiteTeam "A Team Higher Elo"]
[BlackTeam "B Team Lower Elo"]
[WhiteTeamCountry "HUN"]
[BlackTeamCountry "HUN"]

1. Nf3 Nf6 2. c4 e6 3. g3 Be7 4. Bg2 0-0 5. 0-0 c6 6. b3 d5 7. Bb2 Nbd7 8. d3 a5 9. Nc3 b6 10. cxd5 exd5 11. Nd4 Bb7 12. Nf5 Re8 13. Nxe7+ Qxe7 14. Re1 Rab8 15. e4 d4 16. Nb1 c5 17. Nd2 Ne5 18. Nc4 Nxc4 19. bxc4 Qd7 20. a4 Bc6 21. h3 h6 22. Bc1 Nh7 23. Bf4 Rb7 24. Kh2 Nf8 25. h4 Ng6 26. Bh3 Qe7 27. Bc1 Bd7 28. Bxd7 Qxd7 29. f4 f6 30. Ra2 Qc6 31. Rg2 Rbe7 32. Bd2 Kh7 33. h5 Nf8 34. g4 Nd7 35. Kg1 Rf8 36. Rf1 Ref7 37. Rf3 Re7 38. Rfg3 Ref7 39. Kh2 Re7 40. Qg1 Qxa4 41. g5 fxg5 42. fxg5 Ne5 43. gxh6 gxh6 44. Rg6 Nf3+ 45. Kh1 Nxd2 46. Rxd2 Qe8 47. Rh2 Qf7 48. Rf2 Qe8 49. Qc1 1-0

[Event "Budapest FS12 Nadassy"]
[Site "Budapest"]
[Date "2022.12.06"]
[Round "4"]
[White "Zoltan, Andras"]
[Black "Farago, Sandor"]
[Result "0-1"]
[WhiteElo "1767"]
[BlackElo "2103"]
[PlyCount "50"]
[EventDate "2022.12.03"]
[EventType "schev"]
[EventRounds "9"]
[EventCountry "HUN"]
[SourceTitle "EXT 2024"]
[Source "ChessBase"]
[SourceDate "2023.10.10"]
[SourceVersion "1"]
[SourceVersionDate "2023.10.10"]
[SourceQuality "1"]
[WhiteTeam "B Team Lower Elo"]
[BlackTeam "A Team Higher Elo"]
[WhiteTeamCountry "HUN"]
[BlackTeamCountry "HUN"]

1. e4 c5 2. Nf3 Nc6 3. Bb5 g6 4. 0-0 Bg7 5. c3 a6 6. Bxc6 dxc6 7. Re1 e5 8. Na3 Be6 9. b3 Qc7 10. Qe2 Rd8 11. Nc2 Ne7 12. Ba3 Qa5 13. Qe3 b6 14. b4 Qb5 15. bxc5 Rd3 16. Qg5 f6 17. Qh4 bxc5 18. Rab1 Qa5 19. Rb8+ Nc8 20. Reb1 0-0 21. Bc1 Qa4 22. Nfe1 Rdd8 23. d3 Nd6 24. Rxd8 Rxd8 25. Bh6 Nf5 0-1

[Event "Budapest FS12 Nadassy"]
[Site "Budapest"]
[Date "2022.12.03"]
[Round "1"]
[White "Farago, Sandor"]
[Black "Zoltan, Andras"]
[Result "1-0"]
[WhiteElo "2103"]
[BlackElo "1767"]
[PlyCount "59"]
[EventDate "2022.12.03"]
[EventType "schev"]
[EventRounds "9"]
[EventCountry "HUN"]
[SourceTitle "EXT 2024"]
[Source "ChessBase"]
[SourceDate "2023.10.10"]
[SourceVersion "1"]
[SourceVersionDate "2023.10.10"]
[SourceQuality "1"]
[WhiteTeam "A Team Higher Elo"]
[BlackTeam "B Team Lower Elo"]
[WhiteTeamCountry "HUN"]
[BlackTeamCountry "HUN"]

1. e4 e5 2. Nf3 Nc6 3. Bb5 Bc5 4. 0-0 Nf6 5. d3 d6 6. c3 0-0 7. Bg5 h6 8. Bh4 a6 9. Bxc6 bxc6 10. d4 exd4 11. cxd4 Bb6 12. Qc2 g5 13. Bg3 Bg4 14. Nbd2 Qd7 15. Rac1 c5 16. e5 Bf5 17. Qd1 Nh5 18. Nc4 Nxg3 19. hxg3 cxd4 20. exd6 d3 21. Nfe5 Qb5 22. Nxd3 Rad8 23. a4 Qd5 24. Nb4 Qxd1 25. Rfxd1 Bg4 26. Rd2 Bc5 27. Nc6 Bxd6 28. Nxd8 Rxd8 29. Nxd6 cxd6 30. Rc6 1-0

[Event "Budapest FS09 Nadassy"]
[Site "Budapest"]
[Date "2020.09.14"]
[Round "8.1"]
[White "Zoltan, Andras"]
[Black "Lakatos, Tamas"]
[Result "1-0"]
[WhiteElo "1794"]
[BlackElo "2135"]
[PlyCount "93"]
[EventDate "2020.09.05"]
[EventType "schev"]
[EventRounds "9"]
[EventCountry "HUN"]
[SourceTitle "EXT 2021"]
[Source "ChessBase"]
[SourceDate "2020.10.23"]
[SourceVersion "1"]
[SourceVersionDate "2020.10.23"]
[SourceQuality "1"]
[WhiteTeam "B Team Lower Elo"]
[BlackTeam "A Team Higher Elo"]
[WhiteTeamCountry "HUN"]
[BlackTeamCountry "HUN"]

1. e4 c6 2. Nf3 d5 3. Nc3 Bg4 4. exd5 cxd5 5. Bb5+ Nc6 6. h3 Bxf3 7. Qxf3 Nf6 8. d4 e6 9. Bg5 Be7 10. 0-0 a6 11. Bxc6+ bxc6 12. b3 0-0 13. Qd3 c5 14. dxc5 Bxc5 15. Na4 Be7 16. c4 h6 17. Bxf6 Bxf6 18. Rad1 d4 19. Qe4 g6 20. Rd3 Bg7 21. Rfd1 e5 22. Qc6 Kh7 23. Nb6 Ra7 24. Nd5 f5 25. f4 e4 26. Rxd4 Bxd4+ 27. Rxd4 Kg7 28. Rd1 Re8 29. Nc3 Qe7 30. Rd6 Qf7 31. Nd5 Rf8 32. Re6 h5 33. Qd6 a5 34. Ne7 Kh7 35. Nxg6 Rg8 36. Ne5 Qg7 37. Rg6 Qxg6 38. Nxg6 Rxg6 39. Qe5 Rf7 40. Qxa5 e3 41. Qd5 Re7 42. Kf1 e2+ 43. Ke1 Kg7 44. c5 Rg3 45. c6 Kf8 46. c7 Rxc7 47. Qd8+ 1-0

[Event "Budapest FS09 Nadassy"]
[Site "Budapest"]
[Date "2020.09.12"]
[Round "7.2"]
[White "Poor, Sandor"]
[Black "Zoltan, Andras"]
[Result "1/2-1/2"]
[WhiteElo "1973"]
[BlackElo "1794"]
[PlyCount "36"]
[EventDate "2020.09.05"]
[EventType "schev"]
[EventRounds "9"]
[EventCountry "HUN"]
[SourceTitle "EXT 2021"]
[Source "ChessBase"]
[SourceDate "2020.10.23"]
[SourceVersion "1"]
[SourceVersionDate "2020.10.23"]
[SourceQuality "1"]
[WhiteTeam "A Team Higher Elo"]
[BlackTeam "B Team Lower Elo"]
[WhiteTeamCountry "HUN"]
[BlackTeamCountry "HUN"]

1. d4 d5 2. c4 c6 3. Nf3 Nf6 4. cxd5 cxd5 5. Nc3 Nc6 6. Bf4 Bf5 7. e3 e6 8. Bb5 Bb4 9. Qa4 Bxc3+ 10. bxc3 Qb6 11. Ne5 Rc8 12. 0-0 0-0 13. Nxc6 bxc6 14. Ba6 Rcd8 15. Qa3 Nh5 16. Bg3 Nxg3 17. hxg3 Rb8 18. c4 Qb4 1/2-1/2

[Event "Budapest FS09 Nadassy"]
[Site "Budapest"]
[Date "2020.09.09"]
[Round "5.1"]
[White "Lakatos, Tamas"]
[Black "Zoltan, Andras"]
[Result "1-0"]
[WhiteElo "2135"]
[BlackElo "1794"]
[PlyCount "39"]
[EventDate "2020.09.05"]
[EventType "schev"]
[EventRounds "9"]
[EventCountry "HUN"]
[SourceTitle "EXT 2021"]
[Source "ChessBase"]
[SourceDate "2020.10.23"]
[SourceVersion "1"]
[SourceVersionDate "2020.10.23"]
[SourceQuality "1"]
[WhiteTeam "A Team Higher Elo"]
[BlackTeam "B Team Lower Elo"]
[WhiteTeamCountry "HUN"]
[BlackTeamCountry "HUN"]

1. e4 e5 2. Nf3 Nc6 3. Bb5 Bc5 4. 0-0 Nf6 5. Bxc6 dxc6 6. Nxe5 0-0 7. d3 Re8 8. Nc4 Bxf2+ 9. Kxf2 Ng4+ 10. Kg1 Qd4+ 11. Kh1 Nf2+ 12. Rxf2 Qxf2 13. Be3 Qh4 14. Nbd2 Bg4 15. Qe1 Qh5 16. Qg3 b5 17. Na5 Bd1 18. Nxc6 Bxc2 19. Rc1 Bxd3 20. Bd4 1-0

[Event "Budapest FS09 Nadassy"]
[Site "Budapest"]
[Date "2020.09.05"]
[Round "1.1"]
[White "Poor, Sandor"]
[Black "Zoltan, Andras"]
[Result "1/2-1/2"]
[WhiteElo "1973"]
[BlackElo "1794"]
[PlyCount "34"]
[EventDate "2020.09.05"]
[EventType "schev"]
[EventRounds "9"]
[EventCountry "HUN"]
[SourceTitle "EXT 2021"]
[Source "ChessBase"]
[SourceDate "2020.10.23"]
[SourceVersion "1"]
[SourceVersionDate "2020.10.23"]
[SourceQuality "1"]
[WhiteTeam "A Team Higher Elo"]
[BlackTeam "B Team Lower Elo"]
[WhiteTeamCountry "HUN"]
[BlackTeamCountry "HUN"]

1. d4 d5 2. c4 e5 3. dxe5 d4 4. Nf3 Nc6 5. h3 Be6 6. Qa4 Qd7 7. Bf4 Bb4+ 8. Nbd2 Bxc4 9. Qc2 Ba6 10. a3 Bxd2+ 11. Qxd2 0-0-0 12. g4 Nge7 13. Bg2 Ng6 14. Bg3 Rhe8 15. 0-0 Ngxe5 16. Nxe5 Nxe5 17. Rac1 f6 1/2-1/2

[Event "Budapest FS08 FM"]
[Site "Budapest"]
[Date "2020.08.01"]
[Round "1"]
[White "Szurkos, Andras"]
[Black "Zoltan, Andras"]
[Result "0-1"]
[WhiteElo "1687"]
[BlackElo "1819"]
[PlyCount "66"]
[EventDate "2020.08.01"]
[EventType "tourn"]
[EventRounds "9"]
[EventCountry "HUN"]
[SourceTitle "EXT 2021"]
[Source "ChessBase"]
[SourceDate "2020.10.23"]
[SourceVersion "1"]
[SourceVersionDate "2020.10.23"]
[SourceQuality "1"]

1. e4 e5 2. Nf3 Nc6 3. Bc4 Nf6 4. d3 Be7 5. 0-0 d6 6. h3 Na5 7. Nbd2 0-0 8. b4 Nxc4 9. Nxc4 Be6 10. Ne3 a5 11. b5 c6 12. a4 cxb5 13. axb5 Qc7 14. c4 Nd7 15. Ba3 Nc5 16. Nd5 Bxd5 17. cxd5 f5 18. exf5 Rxf5 19. d4 exd4 20. Nxd4 Rxd5 21. Rc1 Qd7 22. Rc4 Bf6 23. Qf3 Rxd4 24. Rxd4 Bxd4 25. Qd5+ Ne6 26. Re1 Re8 27. Re4 Bb6 28. Bb2 Bc5 29. Rg4 Qf7 30. Qd2 Rf8 31. Kh2 Qxf2 32. Qc3 Qg1+ 33. Kg3 Bf2# 0-1

[Event "Budapest FS07 FM"]
[Site "Budapest"]
[Date "2018.07.16"]
[Round "8"]
[White "Forgacs, Attila Jr"]
[Black "Zoltan, Andras"]
[Result "0-1"]
[WhiteElo "1911"]
[BlackElo "1848"]
[PlyCount "84"]
[EventDate "2018.07.07"]
[EventType "tourn"]
[EventRounds "9"]
[EventCountry "HUN"]
[SourceTitle "CBM 185 Extra"]
[Source "ChessBase"]
[SourceDate "2018.07.29"]
[SourceVersion "1"]
[SourceVersionDate "2018.07.29"]
[SourceQuality "1"]

1. e4 e5 2. Nf3 Nc6 3. Bb5 a6 4. Ba4 b5 5. Bb3 Bb7 6. c3 Nf6 7. 0-0 Nxe4 8. Re1 Nf6 9. Nxe5 Nxe5 10. Rxe5+ Be7 11. Qe1 Kf8 12. d4 Bd6 13. Re3 Ng4 14. Rh3 Qe8 15. Qxe8+ Rxe8 16. Bd2 Re2 17. f3 Nf2 18. Rh4 Nd3 19. Kf1 Re7 20. Na3 Nxb2 21. Nc2 c5 22. Ne3 c4 23. Bc2 Nd3 24. Bxd3 cxd3 25. Nf5 Re6 26. Nxd6 Rxd6 27. c4 Kg8 28. Bb4 Re6 29. cxb5 axb5 30. Re1 Bd5 31. Rxe6 dxe6 32. a3 f5 33. f4 Kf7 34. Rh3 Be4 35. Re3 Rc8 36. Bc5 Ke8 37. Re1 Kd7 38. g3 Bf3 39. Kf2 d2 40. Re2 d1Q 41. Kxf3 Rxc5 42. dxc5 Qd5+ 0-1

[Event "Budapest FS07 FM"]
[Site "Budapest"]
[Date "2018.07.13"]
[Round "6"]
[White "Szalanczy, Emil"]
[Black "Zoltan, Andras"]
[Result "1-0"]
[WhiteElo "2217"]
[BlackElo "1848"]
[PlyCount "107"]
[EventDate "2018.07.07"]
[EventType "tourn"]
[EventRounds "9"]
[EventCountry "HUN"]
[SourceTitle "CBM 185 Extra"]
[Source "ChessBase"]
[SourceDate "2018.07.29"]
[SourceVersion "1"]
[SourceVersionDate "2018.07.29"]
[SourceQuality "1"]

1. e4 e5 2. Nf3 Nc6 3. Bb5 a6 4. Ba4 b5 5. Bb3 Bb7 6. 0-0 Nf6 7. Re1 Bc5 8. c3 0-0 9. d4 Bb6 10. Bg5 h6 11. Bh4 d6 12. d5 Na5 13. Bc2 g5 14. Bg3 Nh5 15. Nbd2 Nxg3 16. hxg3 c6 17. b4 Nc4 18. Nxc4 bxc4 19. dxc6 Bxc6 20. Qe2 Qf6 21. a4 Bd7 22. Rad1 Bg4 23. Rd5 Rfd8 24. Bd1 Be6 25. Rd2 Bg4 26. a5 Ba7 27. Qf1 Be6 28. Nh2 Qg6 29. Bg4 Rac8 30. Qe2 Bxg4 31. Qxg4 h5 32. Qd1 g4 33. Qe2 f5 34. exf5 Qxf5 35. Nf1 Rf8 36. Ne3 Qe6 37. Red1 Bxe3 38. Qxe3 Rcd8 39. Qg5+ Kf7 40. Rd5 Rh8 41. b5 axb5 42. Rxb5 Rd7 43. Rb6 Rh6 44. a6 Qf6 45. Qd2 Ke7 46. Rb7 Rh8 47. Rxd7+ Kxd7 48. Qd5 Rf8 49. Rd2 Rc8 50. a7 Qf8 51. Rb2 Ke7 52. Rb6 Kd7 53. Rb7+ Kd8 54. Qe6 1-0

[Event "Budapest FS07 FM"]
[Site "Budapest"]
[Date "2018.07.08"]
[Round "2"]
[White "Hart, Alexander E"]
[Black "Zoltan, Andras"]
[Result "1-0"]
[WhiteElo "1967"]
[BlackElo "1848"]
[PlyCount "91"]
[EventDate "2018.07.07"]
[EventType "tourn"]
[EventRounds "9"]
[EventCountry "HUN"]
[SourceTitle "CBM 185 Extra"]
[Source "ChessBase"]
[SourceDate "2018.07.29"]
[SourceVersion "1"]
[SourceVersionDate "2018.07.29"]
[SourceQuality "1"]

1. c4 Nf6 2. Nc3 e6 3. Nf3 d5 4. e3 Be7 5. b3 0-0 6. Bb2 b6 7. Qc2 dxc4 8. Bxc4 Bb7 9. 0-0-0 Nc6 10. h4 Nb4 11. Qb1 Ng4 12. Rdf1 Bxf3 13. gxf3 Ne5 14. Be2 Nbd3+ 15. Kd1 Nxb2+ 16. Qxb2 Bxh4 17. f4 Ng6 18. Qc2 Qe7 19. Rh2 f5 20. Rfh1 Bf6 21. Bc4 h6 22. Qxf5 Bxc3 23. Qxe6+ Qxe6 24. Bxe6+ Kh7 25. dxc3 Rad8+ 26. Kc2 Rd6 27. f5 Ne5 28. f4 Ng4 29. Re2 Rfd8 30. e4 Rd3 31. e5 Ne3+ 32. Kb2 Nd1+ 33. Kc1 Rxc3+ 34. Rc2 Rxc2+ 35. Kxc2 Ne3+ 36. Kc3 Rf8 37. Kd4 Nxf5+ 38. Bxf5+ Rxf5 39. Ke4 g6 40. Rd1 Rf7 41. e6 Rf6 42. Rd7+ Kg8 43. Rd8+ Kg7 44. f5 gxf5+ 45. Ke5 Rf8 46. e7 1-0

[Event "Budapest FS06 Nadassy"]
[Site "Budapest"]
[Date "2018.06.10"]
[Round "8"]
[White "Zoltan, Andras"]
[Black "Mayer, Istvan"]
[Result "0-1"]
[WhiteElo "1856"]
[BlackElo "2000"]
[PlyCount "104"]
[EventDate "2018.06.02"]
[EventType "schev"]
[EventRounds "10"]
[EventCountry "HUN"]
[SourceTitle "CBM 184 Extra"]
[Source "ChessBase"]
[SourceDate "2018.06.28"]
[SourceVersion "1"]
[SourceVersionDate "2018.06.28"]
[SourceQuality "1"]
[WhiteTeam "Lower Elo"]
[BlackTeam "Higher Elo"]
[WhiteTeamCountry "HUN"]
[BlackTeamCountry "HUN"]

1. e4 e6 2. d3 d5 3. Nd2 Bc5 4. Ngf3 Bb6 5. Be2 c5 6. 0-0 Nc6 7. c3 Nf6 8. Re1 0-0 9. b3 Qc7 10. exd5 exd5 11. Nf1 Qd6 12. Bg5 h6 13. Bh4 Nh5 14. N3d2 Nf4 15. Bg3 Nxe2+ 16. Qxe2 Qf6 17. Be5 Qg6 18. Nf3 Bg4 19. Bg3 Ba5 20. Rec1 Rfe8 21. Qd1 Qf6 22. Ne3 Bxf3 23. Qxf3 Qxf3 24. gxf3 d4 25. Nd5 Rad8 26. c4 Nb4 27. Nxb4 Bxb4 28. a3 Bc3 29. Rab1 Re2 30. Rd1 g5 31. b4 cxb4 32. axb4 f5 33. f4 g4 34. b5 Rde8 35. Kf1 Rc2 36. Bh4 Ree2 37. Bg3 Ra2 38. Bh4 Kf7 39. Bg3 Ke6 40. Kg1 Kd6 41. Kf1 Reb2 42. Rxb2 Rxb2 43. Bh4 Ra2 44. Kg2 a5 45. bxa6 bxa6 46. Rb1 Kc7 47. c5 Rb2 48. Rd1 Kc6 49. Be7 a5 50. Kg3 Rb7 51. Bd6 a4 52. h3 gxh3 0-1

[Event "Budapest FS06 Nadassy"]
[Site "Budapest"]
[Date "2018.06.05"]
[Round "4"]
[White "Zoltan, Andras"]
[Black "Juracsik, Jozsef"]
[Result "0-1"]
[WhiteElo "1856"]
[BlackElo "2096"]
[PlyCount "82"]
[EventDate "2018.06.02"]
[EventType "schev"]
[EventRounds "10"]
[EventCountry "HUN"]
[SourceTitle "CBM 184 Extra"]
[Source "ChessBase"]
[SourceDate "2018.06.28"]
[SourceVersion "1"]
[SourceVersionDate "2018.06.28"]
[SourceQuality "1"]
[WhiteTeam "Lower Elo"]
[BlackTeam "Higher Elo"]
[WhiteTeamCountry "HUN"]
[BlackTeamCountry "HUN"]

1. e4 c5 2. Nf3 Nc6 3. Bb5 g6 4. 0-0 Bg7 5. c3 Nf6 6. Re1 0-0 7. d4 cxd4 8. cxd4 d5 9. exd5 Nxd5 10. Bxc6 bxc6 11. Nc3 Nxc3 12. bxc3 c5 13. Ba3 Bb7 14. Bxc5 Re8 15. Rb1 Bd5 16. Qe2 Rc8 17. Ne5 f6 18. Ng4 Qd7 19. Ne3 Ba8 20. Qb5 Bc6 21. Qb3+ Kh8 22. h3 f5 23. a3 h5 24. Qb2 f4 25. Nf1 f3 26. Ne3 fxg2 27. Nxg2 Qxh3 28. f4 Qg4 29. Qe2 Qg3 30. Qf2 Qxc3 31. Re3 Qc4 32. Rb4 Qd5 33. Bxa7 Rf8 34. Rg3 Kh7 35. Qc2 Rf6 36. Bc5 Ba8 37. Kh2 Bh6 38. Qf2 Rxf4 39. Qc2 Rf6 40. Qd3 Bf4 41. Bxe7 Qxg2# 0-1

[Event "Budapest FS06 Nadassy"]
[Site "Budapest"]
[Date "2018.06.02"]
[Round "1"]
[White "Balint, Vilmos"]
[Black "Zoltan, Andras"]
[Result "1-0"]
[WhiteElo "2249"]
[BlackElo "1856"]
[PlyCount "53"]
[EventDate "2018.06.02"]
[EventType "schev"]
[EventRounds "10"]
[EventCountry "HUN"]
[SourceTitle "CBM 184 Extra"]
[Source "ChessBase"]
[SourceDate "2018.06.28"]
[SourceVersion "1"]
[SourceVersionDate "2018.06.28"]
[SourceQuality "1"]
[WhiteTeam "Higher Elo"]
[BlackTeam "Lower Elo"]
[WhiteTeamCountry "HUN"]
[BlackTeamCountry "HUN"]

1. Nf3 Nf6 2. g3 g6 3. Bg2 Bg7 4. c4 c6 5. d4 0-0 6. 0-0 d6 7. Nc3 Bg4 8. e4 Qc8 9. Re1 e5 10. Be3 Nbd7 11. h3 Bxf3 12. Qxf3 exd4 13. Bxd4 Ne5 14. Qe2 Nfd7 15. Rad1 Qc7 16. f4 c5 17. Nb5 Qb6 18. Bxe5 Bxe5 19. fxe5 Nxe5 20. Rxd6 Qa5 21. Nc3 Nc6 22. Qf2 Nd4 23. e5 Rab8 24. Bd5 Qc7 25. Ne4 Nf5 26. Rd7 Qxe5 27. g4 1-0

[Event "Budapest FS04 Development"]
[Site "Budapest"]
[Date "2018.04.17"]
[Round "10"]
[White "Nagy, Gyorgy1111"]
[Black "Zoltan, Andras"]
[Result "1/2-1/2"]
[WhiteElo "1757"]
[BlackElo "1893"]
[PlyCount "60"]
[EventDate "2018.04.07"]
[EventType "tourn"]
[EventRounds "10"]
[EventCountry "HUN"]
[SourceTitle "CBM 184 Extra"]
[Source "ChessBase"]
[SourceDate "2018.06.28"]
[SourceVersion "1"]
[SourceVersionDate "2018.06.28"]
[SourceQuality "1"]

1. d4 d5 2. c4 e5 3. e3 exd4 4. exd4 Nf6 5. Nc3 dxc4 6. Bxc4 Nc6 7. Nf3 Be7 8. 0-0 0-0 9. h3 a6 10. Re1 b5 11. Bd3 Nb4 12. Bb1 Bb7 13. a3 Nbd5 14. Bg5 Re8 15. Qd3 g6 16. Ba2 Nxc3 17. bxc3 Nd5 18. c4 bxc4 19. Bxc4 Bxg5 20. Rxe8+ Qxe8 21. Nxg5 Qe7 22. h4 h6 23. Nf3 Kg7 24. Rb1 c6 25. Re1 Qf6 26. Qb3 Bc8 27. Qd3 Bf5 28. Qb3 Rd8 29. Re5 Bg4 30. Bxd5 cxd5 1/2-1/2

[Event "Budapest FS04 Development"]
[Site "Budapest"]
[Date "2018.04.16"]
[Round "9"]
[White "Zoltan, Andras"]
[Black "Szabo, A Martin"]
[Result "1-0"]
[WhiteElo "1893"]
[BlackElo "1733"]
[PlyCount "65"]
[EventDate "2018.04.07"]
[EventType "tourn"]
[EventRounds "10"]
[EventCountry "HUN"]
[SourceTitle "CBM 184 Extra"]
[Source "ChessBase"]
[SourceDate "2018.06.28"]
[SourceVersion "1"]
[SourceVersionDate "2018.06.28"]
[SourceQuality "1"]

1. e4 Nf6 2. e5 Nd5 3. Nf3 d6 4. d4 Nc6 5. exd6 cxd6 6. c4 Nb6 7. d5 Ne5 8. b3 g6 9. Bb2 Bg7 10. Nxe5 dxe5 11. Nc3 e6 12. dxe6 Bxe6 13. Nb5 0-0 14. Be2 Qg5 15. 0-0 Rad8 16. Nd6 e4 17. Bxg7 Bh3 18. g3 Kxg7 19. Qd4+ Kg8 20. Rfd1 Rfe8 21. Qe3 Qxe3 22. fxe3 Re7 23. c5 Nc8 24. Rd4 Nxd6 25. cxd6 Re5 26. Rc1 Bd7 27. a4 a6 28. Rc7 Bc6 29. Bxa6 Rd5 30. Rxd5 Bxd5 31. Bxb7 Bxb3 32. d7 Kf8 33. a5 1-0

[Event "Budapest-chT1 Lilienthal 1718"]
[Site "Budapest"]
[Date "2018.04.15"]
[Round "13"]
[White "Zoltan, Andras"]
[Black "Horvath, Laszlo3333"]
[Result "1/2-1/2"]
[WhiteElo "1945"]
[BlackElo "1934"]
[PlyCount "52"]
[EventDate "2017.10.01"]
[EventType "team-tourn"]
[EventRounds "13"]
[EventCountry "HUN"]
[SourceTitle "EXT 2021"]
[Source "ChessBase"]
[SourceDate "2020.10.23"]
[SourceVersion "1"]
[SourceVersionDate "2020.10.23"]
[SourceQuality "1"]
[WhiteTeam "Penzugyor III"]
[BlackTeam "Barcza GSC"]
[WhiteTeamCountry "HUN"]
[BlackTeamCountry "HUN"]

1. e4 Nf6 2. e5 Nd5 3. Nf3 d6 4. d4 dxe5 5. Nxe5 g6 6. Bc4 c6 7. Nc3 Be6 8. 0-0 Bg7 9. Nxd5 Bxd5 10. Qe2 0-0 11. Be3 Nd7 12. f4 Nf6 13. Bd3 Be4 14. Bxe4 Nxe4 15. Qd3 Nd6 16. Rad1 Qc8 17. c3 Qe6 18. d5 cxd5 19. Qxd5 Qc8 20. Bc5 Nf5 21. Bf2 Nd6 22. Rfe1 Qf5 23. g4 Qxf4 24. Rd4 Qh6 25. Be3 Qh4 26. Bf2 Qh6 1/2-1/2

[Event "Budapest FS04 Development"]
[Site "Budapest"]
[Date "2018.04.10"]
[Round "4"]
[White "Szabo, A Martin"]
[Black "Zoltan, Andras"]
[Result "1-0"]
[WhiteElo "1733"]
[BlackElo "1893"]
[PlyCount "115"]
[EventDate "2018.04.07"]
[EventType "tourn"]
[EventRounds "10"]
[EventCountry "HUN"]
[SourceTitle "CBM 184 Extra"]
[Source "ChessBase"]
[SourceDate "2018.06.28"]
[SourceVersion "1"]
[SourceVersionDate "2018.06.28"]
[SourceQuality "1"]

1. d4 Nf6 2. c4 e6 3. g3 d5 4. Bg2 c6 5. Nf3 Bb4+ 6. Bd2 Bxd2+ 7. Nbxd2 0-0 8. 0-0 Nbd7 9. Qc2 Re8 10. e4 dxe4 11. Nxe4 Nxe4 12. Qxe4 Nf6 13. Qc2 a5 14. Rfe1 Bd7 15. Ne5 Ra6 16. Rad1 b5 17. d5 cxd5 18. cxd5 Qc8 19. Qxc8 Bxc8 20. d6 Bd7 21. Rd2 Rd8 22. Rc1 Kf8 23. Rc7 Rb6 24. Bc6 Bxc6 25. Nxc6 Rd7 26. Ne5 Rdxd6 27. Rxf7+ Ke8 28. Rc2 Rbc6 29. Rxc6 Rxc6 30. Nxc6 Kxf7 31. Nxa5 Nd5 32. Nb7 Ke7 33. Kf1 Nb4 34. a4 bxa4 35. Nc5 Kd6 36. Nxa4 Kd5 37. Ke2 Kc4 38. Ke3 e5 39. Ke4 Kb3 40. Nc5+ Kc4 41. Ne6 Kb3 42. Nxg7 Kxb2 43. f4 exf4 44. gxf4 Nc6 45. Kd5 Ne7+ 46. Ke6 Ng6 47. f5 Nh8 48. Ke7 Kc3 49. h4 Kd4 50. h5 Ke5 51. f6 Kf4 52. Kf8 Kg5 53. Kg8 Kxf6 54. Kxh8 h6 55. Kh7 Kg5 56. Kg8 Kf6 57. Kh8 Kg5 58. Kh7 1-0

[Event "Budapest FS02 FM"]
[Site "Budapest"]
[Date "2018.02.13"]
[Round "9"]
[White "Zoltan, Andras"]
[Black "Szalanczy, Emil"]
[Result "0-1"]
[WhiteElo "1882"]
[BlackElo "2213"]
[PlyCount "64"]
[EventDate "2018.02.03"]
[EventType "tourn"]
[EventRounds "9"]
[EventCountry "HUN"]
[SourceTitle "CBM 182 Extra"]
[Source "ChessBase"]
[SourceDate "2018.02.23"]
[SourceVersion "1"]
[SourceVersionDate "2018.02.23"]
[SourceQuality "1"]

1. e4 c5 2. Nf3 d6 3. Bb5+ Nd7 4. a4 Ngf6 5. Nc3 e6 6. 0-0 Be7 7. Re1 0-0 8. d4 cxd4 9. Nxd4 a6 10. Bxd7 Bxd7 11. a5 Rc8 12. Qd3 Re8 13. Bd2 Bf8 14. Na4 e5 15. Nf5 d5 16. Qg3 Bxf5 17. exf5 Ne4 18. Rxe4 dxe4 19. Bc3 Qf6 20. Qg4 Qc6 21. Nb6 Rcd8 22. Re1 Bc5 23. Rxe4 Rd1+ 24. Qxd1 Qxe4 25. Nd7 Bd4 26. Bxd4 exd4 27. g4 Qe1+ 28. Qxe1 Rxe1+ 29. Kg2 Rc1 30. Nc5 Rxc2 31. b4 Rc4 32. Nxb7 d3 0-1

[Event "Budapest FS02 FM"]
[Site "Budapest"]
[Date "2018.02.07"]
[Round "5"]
[White "Zoltan, Andras"]
[Black "Szabo, A Martin"]
[Result "1/2-1/2"]
[WhiteElo "1882"]
[BlackElo "1803"]
[PlyCount "60"]
[EventDate "2018.02.03"]
[EventType "tourn"]
[EventRounds "9"]
[EventCountry "HUN"]
[SourceTitle "CBM 182 Extra"]
[Source "ChessBase"]
[SourceDate "2018.02.23"]
[SourceVersion "1"]
[SourceVersionDate "2018.02.23"]
[SourceQuality "1"]

1. e4 d6 2. Nf3 g6 3. Nc3 Bg7 4. Bc4 Nf6 5. d4 0-0 6. Bb3 c6 7. Be3 Ng4 8. Bf4 e5 9. dxe5 dxe5 10. Qxd8 Rxd8 11. Bg3 Nd7 12. 0-0-0 Re8 13. h3 Nh6 14. a4 Nc5 15. Ba2 Be6 16. Bxe6 Rxe6 17. b4 Na6 18. Rd7 Rb8 19. Na2 f6 20. c4 Nf7 21. Rhd1 Bf8 22. c5 Bxc5 23. bxc5 Nxc5 24. Rc7 Nd6 25. Bxe5 fxe5 26. Ng5 Rf6 27. Nxh7 Re6 28. Ng5 Rf6 29. Nh7 Re6 30. Ng5 Rf6 1/2-1/2

[Event "Budapest FS02 FM"]
[Site "Budapest"]
[Date "2018.02.04"]
[Round "2"]
[White "Zoltan, Andras"]
[Black "Lakat, Gyula"]
[Result "1/2-1/2"]
[WhiteElo "1882"]
[BlackElo "1751"]
[PlyCount "67"]
[EventDate "2018.02.03"]
[EventType "tourn"]
[EventRounds "9"]
[EventCountry "HUN"]
[SourceTitle "CBM 182 Extra"]
[Source "ChessBase"]
[SourceDate "2018.02.23"]
[SourceVersion "1"]
[SourceVersionDate "2018.02.23"]
[SourceQuality "1"]

1. e4 c5 2. Nf3 e6 3. d3 Nc6 4. g3 d5 5. Nbd2 Qc7 6. Bg2 Bd6 7. 0-0 Nge7 8. Re1 dxe4 9. Nxe4 0-0 10. Nxd6 Qxd6 11. Bf4 Qd8 12. Ng5 Nd5 13. Bd2 h6 14. Ne4 Qe7 15. Nc3 Nxc3 16. Bxc3 Nd4 17. Bxd4 cxd4 18. Qe2 Qf6 19. Qe5 Qxe5 20. Rxe5 Rb8 21. f4 Rd8 22. Rae1 b6 23. f5 f6 24. R5e2 e5 25. Be4 Bb7 26. Bxb7 Rxb7 27. Rd2 Rc7 28. Ree2 Rdc8 29. Kf2 Kf7 30. Ke1 b5 31. a3 a5 32. Kd1 b4 33. axb4 axb4 34. Kc1 1/2-1/2